000
00302nam a22001217a 4500
082
_a
954.91
_b
MEH
100
_a
Mehdi, Raza
245
_a
Pakistan Today /
_c
Raza Mehdi
260
_a
Lahore :
_b
Progressive Publishers,
_c
1987.
300
_a
163 p. ;
_c
24 cm.
563
_a
HB.
942
_2
ddc
_c
BK
999
_c
616247
_d
616247